00927nam a2200217 a 450000100100000000500170001000800410002702000150006804000250008310000420010824500870015025000300023726000720026730000210033949000370036050400730039771000720047083000440054295201060058699900170069200004140820201002034849.0131002s1973 sp 001 0 spa d a8400038937 aDO-SdBNPbspacBNPHU1 aRodríguez Adrados, Francisco91864110aEstudios sobre las sonantes y laringales indoeuropeas /cpor Francisco R. Adrados. a2a. ed., rev. y aumentada aMadrid :bConsejo Superior de Investigaciones Científicas,c1973. a502 p. ;c26 cm.1 aManuales y anejos de Emeritav19 aIncluye referencias bibliográficas y notas al pie de las páginas2 aConsejo Superior de Investigaciones Científicas (España)915178 0aManuales y anejos de Emeritan19968065 0010507-18MOaGRbGRcOId2013-10-02iLF1l0o p41408-10r2020-06-25w2020-06-25y1ZNo se presta c40898d40898